Essentials of Marketing (Record no. 1020883)

MARC details
000 -LEADER
fixed length control field 00301nam a2200109Ia 4500
008 - FIXED-LENGTH DATA ELEMENTS--GENERAL INFORMATION
fixed length control field 240109s9999 xx 000 0 und d
041 ## - LANGUAGE CODE
Language code of text/sound track or separate title eng
100 ## - MAIN ENTRY--PERSONAL NAME
Personal name E.Jerome McCarthy
245 ## - TITLE STATEMENT
Title Essentials of Marketing
260 ## - PUBLICATION, DISTRIBUTION, ETC.
Name of publisher, distributor, etc. Richard D Irwin ,Homewood,Irvin Dersey Ltd.Ontario
650 ## - SUBJECT ADDED ENTRY--TOPICAL TERM
Topical term or geographic name entry element Management

No items available.